000 00441nam a2200133Ia 4500
008 160809s9999 xx 000 0 und d
100 _aMahma, Ouafa.
245 _aTowards a New Approach of Data Dissemination in VANETS Networks
245 _cOuafa Mahma and Ahmed Korichi.
260 _bComputer Science and Information Technology
260 _cJanuary 2016
650 _xINFORMATION TECHNOLOGY
856 _uhttp://airccse.org/V6N49.html
999 _c300066
_d300066